Statistics for Doors Entities (Roblox)

Click here to take the quiz!

General Stats

  • This quiz has been taken 451 times
    (219 since last reset)
  • The average score is 17 of 24

Answer Stats

HintAnswer% Correct
Flickers the lights, very fast, blackRush
98%
PssstScreech
96%
Same as the above but greenAmbush
95%
Small guy hiding in drawersTimothy
90%
Can appear when trying to get into a closetJack
89%
Black creature chasing youSeek
89%
Blind librarianFigure
88%
Kicks you out of hiding spotsHide
88%
Appears if a room doesn't load correctlyGlitch
84%
TURN AROUNDHalt
84%
Does not want to be watchedEyes
82%
Helps you progress if you're stuckGuiding Light
74%
Fake doorDupe
71%
Likes to smile at you from outsideSally
71%
Shady shopkeeperJeff
63%
Teleports you if you're too far backVoid
63%
Talkative little red guyEl Goblino
59%
Crimson entity in The RoomsA-60
58%
Attacks from aheadA-120
57%
STOP! DON'T MOVEA-90
57%
Rarely appears when entering a roomShadow
57%
Trap in the greenhouseSnare
47%
☠️Bob
42%
Helps you progress in The RoomsCurious Light
41%

Score Distribution

Percentile by Number Answered

Percent of People with Each Score

Your Score History

You have not taken this quiz since the last reset